Schools for strategy : (Record no. 5844)
[ view plain ]
| 000 -LEADER | |
|---|---|
| fixed length control field | 00961cam a22002772 4500 |
| 001 - CONTROL NUMBER | |
| control field | 5844 |
| 003 - CONTROL NUMBER IDENTIFIER | |
| rucl marc code | BD RJUL |
| 005 - DATE AND TIME OF LATEST TRANSACTION | |
| control field | 20211208234135.0 |
| 008 - FIXED-LENGTH DATA ELEMENTS--GENERAL INFORMATION | |
| fixed length control field | 07 s1965 nyu b 000 0 eng |
| 035 ## - SYSTEM CONTROL NUMBER | |
| System control number | BD RJUL 5883 |
| 040 ## - CATALOGING SOURCE | |
| Original cataloging agency | DLC |
| Transcribing agency | WSU |
| Modifying agency | SER |
| -- | UKM |
| -- | BD RJUL |
| Language of cataloging | eng |
| 041 ## - LANGUAGE CODE | |
| Language code of text/sound track or separate title | eng |
| 082 ## - DEWEY DECIMAL CLASSIFICATION NUMBER | |
| Classification number | 355 |
| Author mark and year | LYS 1965 |
| 100 1# - MAIN ENTRY--PERSONAL NAME | |
| Personal name | Lyons, Gene Martin, |
| Dates associated with a name | 1924- |
| 9 (RLIN) | 18349 |
| 245 10 - TITLE STATEMENT | |
| Title | Schools for strategy : |
| Remainder of title | education and research in national security affairs / |
| Statement of responsibility, etc. | [by] Gene M. Lyons [and] Louis Morton. With a foreword by John W. Masland. |
| 260 ## - PUBLICATION, DISTRIBUTION, ETC. (IMPRINT) | |
| Place of publication, distribution, etc. | New York : |
| Name of publisher, distributor, etc. | Praeger, |
| Date of publication, distribution, etc. | 1965 |
| 300 ## - PHYSICAL DESCRIPTION | |
| Pagination | xii, 356 p. |
| Size | 22 cm. |
| 504 ## - BIBLIOGRAPHY, ETC. NOTE | |
| Bibliography, etc | Bibliographical references included in "Notes" (p. [315]-348) |
| 650 #0 - SUBJECT ADDED ENTRY--TOPICAL TERM | |
| Topical term or geographic name as entry element | Universities and colleges |
| Geographic subdivision | United States. |
| 9 (RLIN) | 16733 |
| Topical term or geographic name as entry element | Research |
| Geographic subdivision | United States. |
| 9 (RLIN) | 18350 |
| 651 #0 - SUBJECT ADDED ENTRY--GEOGRAPHIC NAME | |
| Geographic name | United States |
| General subdivision | Military policy. |
| 9 (RLIN) | 6008 |
| 700 1# - ADDED ENTRY--PERSONAL NAME | |
| Personal name | Morton, Louis. |
| 942 ## - ADDED ENTRY ELEMENTS (KOHA) | |
| Source of classification or shelving scheme | Dewey Decimal Classification |
| Koha item type | Books |
| Lost status | Source of classification or shelving scheme | Damaged status | Not for loan | Collection code | Permanent Location | Current Location | Shelving location | Date acquired | Source of acquisition | Cost, normal purchase price | Total Checkouts | Full call number | Date last seen | Copy number | Koha item type |
|---|---|---|---|---|---|---|---|---|---|---|---|---|---|---|---|
| Dewey Decimal Classification | Not For Loan | Non-fiction | Central Library, University of Rajshahi | Central Library, University of Rajshahi | 16/04/1987 | Pak. Book Center | 42.00 | 355 LYS 1965 | 07/01/2014 | C-1 | Books |